000 00816nas a2200253 4500
001 BR9606586
003 BR-BrBNA
005 20231205095832.0
007 ta
008 230509b bl.|||p| |||| 00| 00por d
040 _aBR-BrBNA
_bpor
_cBiblioteca Nacional de Agricultura
041 _a(Pt)
072 _aN10
100 1 _aMilani, A.P.
100 1 _aLucas Junior, J. de
100 1 _aSantana, J.A.D.
245 1 _aProjeto, construcao e avaliacao de um sistema de tratamento de aguas residuarias com a utilizacao de argamassa armada
650 _aInstalacao Agricola
650 _aTratamento da Agua
650 _aMaterial de Construcao
773 0 _tEngenharia Agricola (Brazil)
_xISSN 0100-9619
_g(1996), v. 16(1) p. 8-15
_wBR9606586
909 _a202311
_bLúcia
_c55
_dLúcia Elande
942 _2AGRIS
_n0
_cANA
999 _c152978
_d152978